| 000 | 00483nam a22001937a 4500 | ||
|---|---|---|---|
| 003 | MPLRDC | ||
| 005 | 20220104113758.0 | ||
| 008 | 210129b ||||| |||| 00| 0 eng d | ||
| 020 | _a957-444-122-9 | ||
| 082 | _a855 CLQ | ||
| 100 | _a陈璐茜 | ||
| 245 |
_a背著世界旅行的人 _c |
||
| 250 | _a初版 | ||
| 260 |
_a台湾 _b九歌出版社有限公司 _c2004 |
||
| 300 | _b225 | ||
| 490 | _a九歌文库: 535 | ||
| 650 | _a散文;随笔、日记 | ||
| 942 |
_cBK _o855 CLQ |
||
| 999 |
_c2284 _d2274 |
||